မလူမ်းမိၼ် / (Record no. 26403)

000 -LEADER
fixed length control field 00872nam a22002417a 4500
003 - CONTROL NUMBER IDENTIFIER
control field OSt
005 - DATE AND TIME OF LATEST TRANSACTION
control field 20260124090537.0
008 - FIXED-LENGTH DATA ELEMENTS--GENERAL INFORMATION
fixed length control field 230627b ||||| |||| 00| 0 eng d
040 ## - CATALOGING SOURCE
Transcribing agency SSBUL
041 ## - LANGUAGE CODE
Language code of text/sound track or separate title Shan
082 ## - DEWEY DECIMAL CLASSIFICATION NUMBER
Edition number 23
Classification number 615.7042
100 0# - MAIN ENTRY--PERSONAL NAME
Personal name ပၢၼ်းႁႅင်း၊
Titles and words associated with a name ၸၢႆး။
245 10 - TITLE STATEMENT
Title မလူမ်းမိၼ် /
Statement of responsibility, etc. ၸၢႆးပၢၼ်းႁႅင်း။
260 ## - PUBLICATION, DISTRIBUTION, ETC.
Name of publisher, distributor, etc. မုၵ်ႉၸုမ်းၵေႃႉႁၵ်ႉလိၵ်ႈတႆး၊
Date of publication, distribution, etc. 2002 ။
300 ## - PHYSICAL DESCRIPTION
Extent 80 ၼႃႈ၊
Other physical details ႁၢင်ႈၵႃႇတုၼ်း၊
Dimensions 20 ၸိၼ်ႇတီႇ။
500 ## - GENERAL NOTE
General note S-SAT: Dr. Prof Sai Aung Tun
504 ## - BIBLIOGRAPHY, ETC. NOTE
Bibliography, etc. note ပႃးၽိုၼ်ဢိင်
650 ## - SUBJECT ADDED ENTRY--TOPICAL TERM
Topical term or geographic name entry element ၽွၼ်းႁၢႆႉ - ယႃႈမဝ်းၵမ်
942 ## - ADDED ENTRY ELEMENTS (KOHA)
Koha item type Books (Long term)
100 0# - MAIN ENTRY--PERSONAL NAME
9 (RLIN) 25937
650 ## - SUBJECT ADDED ENTRY--TOPICAL TERM
9 (RLIN) 26849
Source of classification or shelving scheme
Source of classification or shelving scheme
Source of classification or shelving scheme
Holdings
Withdrawn status Lost status Source of classification or shelving scheme Damaged status Not for loan Collection Code Permanent Location Current Location Shelving location Date acquired Total Checkouts Full call number Barcode Date last seen Price effective from Koha item type Accession
          Special Collections Shan State Buddhist University Library Shan State Buddhist University Library Special Collection Shelves 27/06/2023   615.7042 ပၢၼ်း ႒႔႔႑ S-SAT SH00002441 27/06/2023 27/06/2023 Books (Long term) ႒႔႔႑ S-SAT
          Tai Collection Shan State Buddhist University Library Shan State Buddhist University Library Tai Shelves 27/06/2023   615.7042 ပၢၼ်း ႒႔႔႒(1) SH00002442 27/06/2023 27/06/2023 Books (Long term) ႒႔႔႒(1)
          Tai Collection Shan State Buddhist University Library Shan State Buddhist University Library Tai Shelves 27/06/2023   615.7042 ပၢၼ်း ႒႔႔႓(2) SH00002443 27/06/2023 27/06/2023 Books (Long term) ႒႔႔႓(2)
          Tai Collection Shan State Buddhist University Library Shan State Buddhist University Library Tai Shelves 27/06/2023   615.7042 ပၢၼ်း ႒႔႔႔(3) SH00002444 27/06/2023 27/06/2023 Books (Long term) ႒႔႔႔(3)
          Tai Collection Shan State Buddhist University Library Shan State Buddhist University Library Tai Shelves 27/06/2023   615.7042 ပၢၼ်း ႒႔႔႕(4) SH00002445 27/06/2023 27/06/2023 Books (Long term) ႒႔႔႕(4)
          Tai Collection Shan State Buddhist University Library Shan State Buddhist University Library Tai Shelves 27/06/2023   615.7042 ပၢၼ်း ႒႔႔႖(5) SH00002446 27/06/2023 27/06/2023 Books (Long term) ႒႔႔႖(5)
          Tai Collection Shan State Buddhist University Library Shan State Buddhist University Library Tai Shelves 27/06/2023   615.7042 ပၢၼ်း ႒႔႔႗(6) SH00002447 27/06/2023 27/06/2023 Books (Long term) ႒႔႔႗(6)
          Tai Collection Shan State Buddhist University Library Shan State Buddhist University Library Tai Shelves 27/06/2023   615.7042 ပၢၼ်း ႒႔႔႘(7) SH00002448 27/06/2023 27/06/2023 Books (Long term) ႒႔႔႘(7)

Library - 09407999929
Admin Office - 09407999979
Dean Office - 09250910768
Registrar Office - 09892297154
Email - [email protected]
Shan State Buddhist University, Phaya Phyu Taunggyi, Shan State, Myanmar.